Logo

Description automatically generated
विद्यार्जन
 संसाधन केंद्र, भारतीय प्रौद्योगिकी संस्थान इन्दौर
Learning Resource Center, Indian Institute of Technology Indore

ऑनलाइन सार्वजनिक अभिगम प्रसूची
Online Public Access Catalogue (OPAC)

Modern spacecraft dynamics and control (Record no. 53148)

MARC details
000 -LEADER
fixed length control field 00615nam a22002177a 4500
005 - DATE AND TIME OF LATEST TRANSACTION
control field 20260427094224.0
008 - FIXED-LENGTH DATA ELEMENTS--GENERAL INFORMATION
fixed length control field 260427b |||||||| |||| 00| 0 eng d
020 ## - INTERNATIONAL STANDARD BOOK NUMBER
International Standard Book Number 9780486819181
Qualifying information pbk
020 ## - INTERNATIONAL STANDARD BOOK NUMBER
International Standard Book Number 0486819183
Qualifying information pbk
082 ## - DEWEY DECIMAL CLASSIFICATION NUMBER
Classification number 629.411
Item number KAP
100 ## - MAIN ENTRY--PERSONAL NAME
Personal name Kaplan, Marshall H.
245 ## - TITLE STATEMENT
Title Modern spacecraft dynamics and control
250 ## - EDITION STATEMENT
Edition statement 2020
260 ## - PUBLICATION, DISTRIBUTION, ETC.
Place of publication, distribution, etc. New York
Name of publisher, distributor, etc. Dover Publications
Date of publication, distribution, etc. 2020
300 ## - PHYSICAL DESCRIPTION
Extent xiv, 415p. ; 23cm.
653 ## - INDEX TERM--UNCONTROLLED
Uncontrolled term Space flight
653 ## - INDEX TERM--UNCONTROLLED
Uncontrolled term Space vehicles--Attitude control systems
653 ## - INDEX TERM--UNCONTROLLED
Uncontrolled term Space vehicles--Dynamics
653 ## - INDEX TERM--UNCONTROLLED
Uncontrolled term Astrodynamics
942 ## - ADDED ENTRY ELEMENTS (KOHA)
Source of classification or shelving scheme Dewey Decimal Classification
Koha item type Book
Holdings
Withdrawn status Lost status Source of classification or shelving scheme Damaged status Not for loan Home library Current library Shelving location Date acquired Source of acquisition Total Checkouts Full call number Barcode Date last seen Price effective from Koha item type
    Dewey Decimal Classification     LRC, IIT Indore LRC, IIT Indore 2nd Floor - General Stack 23/04/2026 PO_2025-26_PO-125 ,Vendor: Technical Bureau India Pvt. Ltd., New Delhi ; Inv. No.: TB102, dt.13.04.2026 ; Price: USD 29.95   629.411 KAP 38824 28/04/2026 27/04/2026 Book
Copyright © 2024, 2021, 2017 Indian Institute of Technology Indore. All Rights Reserved.
Managed & maintained by Learning Resource Center, IIT Indore